000 00491nam a2200205Ia 4500
005 20240823030659.0
008 240823s9999||||xx |||||||||||||| ||und||
020 _a978-81-87156-55-4
041 _aENGLISH
082 _A536.7 P9
100 _aJayaraman D
245 0 _aThermal Physics & Statistical Mechanics
250 _a1st
260 _c2009
_bS Viswanathan PV
500 _aYES
650 _aMechanics
_bMechanical
700 _a Ilangovan K
942 _cBK
999 _c189272
_d189272